000 00408cas a2200121 4500
008 120423n eng u
035 _a(Sirsi) a175980
050 _aLG421.M25
245 _aUmozi Magazine
260 _aZomba
_b University of Malawi
_c 1977
310 _aVol.4, no.1,1977
520 _aUmozi Magazine is a representation of the academical, cultural and social fields of Cahancellor as a college.
999 _c9364
_d9364